Labor and social organization /

Bibliographic Details
Main Author: McCabe, David Aloysius, 1883-
Other Authors: Lester, Richard Allen, 1908-1997
Format: Book
Language:English
Published: Boston : D. C. Heath, [1948]
Edition:Rev. ed.
Series:Economic and social institutions ; v. 6.
Subjects:

MARC

Tag First Indicator Second Indicator Subfields
LEADER 00000cam a2200000 4500
001 in00000055801
005 20151008052316.0
008 721003s1948 mau 00000 eng u
010 |a  48004817  
035 |a (OCoLC)00421712 
035 |9 AAH2747AM 
040 |c CSU  |d TXA  |d UtOrBLW 
049 |a TXAM  |c [164338] 
050 0 |a HD8072  |b .M173 1948 
092 |a 331  |b M121, 1948 
100 1 |a McCabe, David Aloysius,  |d 1883- 
245 1 0 |a Labor and social organization /  |c by David Aloysius McCabe and Richard Allen Lester. 
250 |a Rev. ed. 
264 1 |a Boston :  |b D. C. Heath,  |c [1948] 
300 |a viii, 373 pages ;  |c 19cm. 
336 |a text  |b txt  |2 rdacontent 
337 |a unmediated  |b n  |2 rdamedia 
338 |a volume  |b nc  |2 rdacarrier 
490 1 |a Economic and social institutions ;  |v v. 6 
650 0 |a Working class  |z United States  |y 1914- 
650 0 |a Social problems. 
651 0 |a United States  |x Social conditions. 
651 0 |a United States  |x Economic conditions  |y 1918-1945. 
650 0 |a Labor movement  |z United States  |y 1914- 
650 0 |a Labor  |z United States  |y 1914- 
700 1 |a Lester, Richard Allen,  |d 1908-1997. 
830 0 |a Economic and social institutions ;  |v v. 6. 
999 |a MARS 
999 f f |s 541364f7-bfb3-3ef8-bbaf-8173de1ed894  |i ded52ca8-7980-352b-a211-beae52c968be  |t 0 
952 f f |p ric  |a Texas A&M University  |b Rellis Campus  |c Joint Library Facility  |d Remote Storage  |t 0  |e HD8072 .M173 1948  |h Library of Congress classification  |i unmediated -- volume  |m A14800711828 
998 f f |a HD8072 .M173 1948  |t 0  |l Remote Storage